Yellow-Colored Marvel Heroes by Picture - Statistics

General Stats
  • This quiz has been taken 21 times
  • The average score is 14 of 24
Answer Stats
Picture Answer % Correct
Wasp
100%
Wolverine
100%
Luke Cage
95%
Sentry
85%
Beta-Ray Bill
80%
Kitty Pryde
75%
Magik
70%
Patsy Walker
70%
Yellowjacket
70%
Forge
60%
Whizzer
60%
Crystal
55%
Firestar
55%
Hazmat
55%
Thena
55%
Big Bertha
45%
Charlie-27
45%
Demolition-Man
45%
Energizer
45%
GoGo
40%
Spitfire
40%
Firebird
35%
Aleta
30%
Prodigy
25%
No matching quizzes found
Score Distribution
Percent of People with Each Score
Percentile by Number Answered
Your Score History
You have not taken this quiz